Staré řecké báje a pověsti /
Uloženo v:
| Hlavní autor: | |
|---|---|
| Další autoři: | , , , , , , |
| Médium: | E-audiokniha |
| Jazyk: | Czech |
| Vydáno: |
Praha :
Supraphon,
[2011]
|
| Témata: | |
| Tagy: |
Žádné tagy |
| LEADER | 03862cim a2200697 ia4500 | ||
|---|---|---|---|
| 001 | 313201 | ||
| 003 | CZ PrSKC | ||
| 005 | 20260601215737.0 | ||
| 007 | sd fsngnnmmned | ||
| 008 | 110929p20112001xr nnnnj z fh n cze | ||
| 015 | |a cnb002234173 | ||
| 024 | 1 | |a 099925614423 | |
| 024 | 3 | |a 0999256144234 | |
| 028 | 0 | 1 | |a SU 6144-2 |b Supraphon |
| 040 | |a ABA001 |b cze |d CBA001 |e rda | ||
| 072 | 7 | |a 25 |x Náboženství, mytologie, kulty |2 Konspekt | |
| 072 | 7 | |a 821-93 |x Literatura pro děti a mládež (beletrie) |2 Konspekt | |
| 080 | |a (086.7)08 |2 MRF | ||
| 080 | |a 255.2 |2 MRF | ||
| 080 | |a 821.14-34 |2 MRF | ||
| 080 | |a (0:82-343) |2 MRF | ||
| 080 | |a (086.7.053.2) |2 MRF | ||
| 080 | |a (086.76) |2 MRF | ||
| 100 | 1 | |a Petiška, Eduard, |d 1924-1987 |7 jk01092720 |4 aut | |
| 245 | 1 | 0 | |a Staré řecké báje a pověsti / |c Eduard Petiška |
| 264 | 1 | |a Praha : |b Supraphon, |c [2011] | |
| 264 | 4 | |c ℗2011 | |
| 300 | |a 5 CD audio ; |c 12 cm + |e 1 brožura (16 stran) | ||
| 336 | |a mluvené slovo |b spw |2 rdacontent | ||
| 337 | |a audio |b s |2 rdamedia | ||
| 338 | |a audiodisk |b sd |2 rdacarrier | ||
| 344 | |a digital |b optical |2 rda | ||
| 347 | |a audio soubor |b CD audio |2 rda | ||
| 500 | |a Autor poznámky Jiří Tušl | ||
| 500 | |a Slovníček antických jmen a výrazů v brožuře sepsal Tomáš Vondrovic | ||
| 500 | |a Původní fonogramy 2001, 2006, 2008 a 2010 Supraphon | ||
| 500 | |a Název z disku | ||
| 505 | 0 | |a CD1. Prolog ; Prometheus ; Potopa ; Faëthon ; Orfeus ; Midas ; Založení Théb -- CD2. Prolog ; Tantalos ; Pelops ; O zlatém rounu ; Jason a Medea ; Epilog -- CD3. Řecké nebe ; Heraklovo mládí ; Théby ; Nemejský lev ; Hydra lernská ; Augiášův chlév a další z dvanácti prací ; Zlatá jablka Hesperidek ; Poslední úkol - Kerberos ; Heraklova cesta do podsvětí ; Krev kentaura Nessa a Heraklova nesmrtelnost ; Závěrem -- CD4. Trojská válka. Paris a Helena ; Obléhání Troje a Patroklova smrt ; Achileus, Hektor a Aiás ; Trojský kůň -- Odysseovy cesty (1. část). Odysseus a Kyklop Polyfemos ; Aiolos, Laistrygoni a Kirke ; Stíny mrtvých ; Sirény, Skylla a Charybda (začátek) -- CD5. Odysseovy cesty (2. část). Sirény, Skylla a Charybda (dokončení) ; Fajákové ; Odysseus na Ithace ; Odysseus a Telemachos ; Ženichové ; Penelopa ; Odysseův luk a sekery ; Mír na Ithace | |
| 508 | |a Hudba Jiří Pazour (CD1-3) a Jiří Procházka (CD4-5) ; scénář, režie Tomáš Vondrovic | ||
| 511 | 0 | |a Vyprávějí Taťjana Medvecká, František Němec a Petr Pelzer ; hudbu nahráli Jiří Pazour (CD1-3) a Jiří Procházka (CD4 a 5) | |
| 518 | |a Natočeno ve studiích Supraphonu, ADK-Prague a Ag. Lama v Praze v letech 2001 - 2010 | ||
| 650 | 4 | |a mluvené slovo | |
| 650 | 0 | 7 | |a řecká mytologie |7 ph128258 |2 czenas |
| 653 | 0 | |a četba k maturitě |a dospívající | |
| 655 | 7 | |a řecké pověsti |7 fd227912 |2 czenas | |
| 655 | 7 | |a mýty |7 fd132901 |2 czenas | |
| 655 | 7 | |a zvukové záznamy pro děti a mládež |7 fd186726 |2 czenas | |
| 655 | 7 | |a audioknihy |7 fd119452 |2 czenas | |
| 655 | 7 | |a kompaktní disky |7 fd201991 |2 czenas | |
| 700 | 1 | |a Pazour, Jiří, |d 1971- |7 jn20011018167 |4 cmp | |
| 700 | 1 | |a Procházka, Jiří |4 cmp |4 itr | |
| 700 | 1 | |a Vondrovic, Tomáš, |d 1948- |7 jk01150619 |4 adp | |
| 700 | 1 | |a Tušl, Jiří, |d 1943- |7 kup19960000103438 |4 wam | |
| 700 | 1 | |a Medvecká, Taťjana, |d 1953- |7 jn99240000711 |4 prf | |
| 700 | 1 | |a Němec, František, |d 1943- |7 jn19990209587 |4 prf | |
| 700 | 1 | |a Pelzer, Petr, |d 1941-2017 |7 jn99240000863 |4 prf | |
| 900 | |a CBA001 |b 17 | ||
| 044 | |a xr | ||
| 910 | |a RBIT002 | ||
| 998 | |d 393761 |a https://core.palmknihy.cz/api/books/393761/cover?s5pe08 |b https://core.palmknihy.cz/api/books/393761/cover/400?s5pe08 |c https://core.palmknihy.cz/api/books/393761/cover/50?s5pe08 |e 2099-01-01 |i 099925614423 |l 22394 |q 49 |r 1 |s https://www.palmknihy.cz/kniha/393761 |t audiobook |y 2011 |z 0 | ||
| 999 | |d 313199 | ||